00680nam a2200205Ia 4500003000900000008004100009040001600050080001500066100002000081245003300101260003300134300001500167490005000182650004100232650002600273650002500299942000700324999001500331952012800346IN-BaIIA211028s9999 xx 000 0 eng d cIIA Library a52-77bHEY aHey, J. S96857 4aThe Radio universecJ.S. Hey aOxfordbPergamon Pressc1971 avii, 248p. aPergamon International Popular Science Series aAstronomy and Astrophysics Thesaurus aRadio Astronomy92849 aRadio Universe96858 cBK c3854d3854 00104070aBANbBANcGENd1971-12-17g40.50l1o52-77/ HEYp4305r2024-12-27s2024-12-03v40.50w1971-12-17yBKGRs. 40.50